| 000 | 01723nam a2200529 i 4500 | ||
|---|---|---|---|
| 001 | 54832 | ||
| 003 | KOSZ 005 | ||
| 005 | 20230123151222.0 | ||
| 008 | 050530s2003 pl a |000 0 pol | ||
| 015 | _aUWD 2005/16487 | ||
| 020 | _a8387344419 | ||
| 035 | _a991026988909705066 | ||
| 035 | _a(PL-WaBN)b17325742-48omnis_nlop | ||
| 035 | _ab17325742 | ||
| 035 | _a(OCoLC)749627189 | ||
| 035 | _azz2004983851 | ||
| 035 | _a(PL)b0000001732574 | ||
| 035 | _a(EXLNZ-48OMNIS_NETWORK)9910085893605606 | ||
| 040 |
_aWA N _cWA N _dKOSZ 005/HR |
||
| 041 | 0 | _apol | |
| 046 | _k2003 | ||
| 080 | _a658.566 | ||
| 080 | _a658.7 | ||
| 080 | _a(07) | ||
| 100 | 1 |
_aFertsch, Marek _eRedakcja |
|
| 245 | 1 | 0 |
_aPodstawy zarządzania przepływem materiałów w przykładach / _cMarek Fertsch. |
| 260 |
_aPoznań : _bInstytut Logistyki i Magazynowania, _c2003. |
||
| 300 |
_a133 s. : _brys., wykr. ; _c24 cm. |
||
| 336 |
_aTekst _btxt _2rdacontent |
||
| 337 |
_aBez urządzenia pośredniczącego _bn _2rdamedia |
||
| 338 |
_aWolumin _bnc _2rdacarrier |
||
| 380 | _aKsiążki | ||
| 388 | _a2001- | ||
| 490 | 1 | _aBiblioteka Logistyka | |
| 504 | _aBibliogr. s. 115. | ||
| 650 | 7 |
_aGospodarka materiałowa _2DBN |
|
| 650 | 7 |
_aZaopatrzenie przedsiębiorstwa _2DBN |
|
| 650 | 7 | _aZarządzanie zapasami | |
| 655 | 7 |
_aPodręcznik _2DBN |
|
| 658 | _aGospodarka, ekonomia, finanse | ||
| 658 | _aZarządzanie i marketing | ||
| 710 | 2 |
_aInstytut Logistyki i Magazynowania _4pbl |
|
| 830 | 0 | _aBiblioteka Logistyka | |
| 856 |
_uhttp://koha.tu.koszalin.pl/cgi-bin/koha/opac-detail.pl?biblionumber=54832 _yKatalog online BPK |
||
| 942 |
_2UKD _cKS |
||
| 999 |
_c54832 _d54832 |
||